Loading...
| Fine Arts - Classical Music | 0 | 3 | 0 | 2 | 30 | 112 | 127.00 | 0 | 2 | 1.39 | 12.12 |
| Religion | 0 | 3 | 0 | 0 | 30 | 64 | 77.67 | 1 | 3 | 11.22 | 21.21 |
| History - World | 0 | 3 | 0 | 1 | 30 | 87 | 112.67 | 0 | 1 | 3.60 | 10.61 |
| History - Other | 0 | 3 | 1 | 0 | 25 | 94 | 115.33 | 1 | 3 | 3.60 | 18.18 |
| Mythology | 0 | 1 | 0 | 0 | 10 | 85 | 85.00 | 1 | 1 | 3.61 | 9.09 |
| Philosophy | 0 | 1 | 0 | 0 | 10 | 121 | 121.00 | 0 | 0 | 0.00 | 1.52 |
| Social Science | 0 | 1 | 0 | 0 | 10 | 81 | 81.00 | 1 | 1 | 3.51 | 9.09 |
| Fine Arts - Other | 0 | 1 | 0 | 1 | 10 | 131 | 131.00 | 0 | 1 | 0.07 | 7.58 |
| Fine Arts - Painting and Sculpture | 0 | 1 | 0 | 0 | 10 | 115 | 115.00 | 0 | 1 | 1.11 | 6.06 |
| History - American | 0 | 1 | 0 | 0 | 10 | 80 | 80.00 | 0 | 0 | 3.45 | 4.55 |
| Science - Physics | 0 | 1 | 1 | 0 | 5 | 105 | 105.00 | 0 | 1 | 1.57 | 6.06 |
| Literature - World | 0 | 0 | 0 | 0 | 0 | 0.00 | 0 | 0 | 0.00 | 0.00 | |
| Science - Biology | 0 | 0 | 0 | 0 | 0 | 0.00 | 0 | 0 | 0.00 | 0.00 | |
| Science - Other | 0 | 1 | 2 | 0 | 0 | 110 | 110.00 | 0 | 1 | 0.83 | 6.06 |
| Science - Chemistry | 0 | 0 | 0 | 0 | 0 | 0.00 | 0 | 0 | 0.00 | 0.00 | |
| Literature - British | 0 | 0 | 0 | 0 | 0 | 0.00 | 0 | 0 | 0.00 | 0.00 | |
| Pop Culture | 0 | 0 | 1 | 0 | -5 | 0.00 | 0 | 0 | 0.00 | 0.00 |